[Event "XXXIV Memorial Edoardo Crespi A"]
[Site "Milano ITA"]
[Date "2013.12.08"]
[Round "7"]
[White "D'Agostino, Maurizio"]
[Black "Pedemonte, Claudio"]
[WhiteElo "2024"]
[BlackElo "1846"]
[Result "1-0"]
[PlyCount "93"]
[EventDate "2013.12.04"]

1. d4 d6 2. Nf3 Nf6 3. Nbd2 g6 4. e4 Bg7 5. Bd3 O-O 6. O-O Nbd7 7. c3 e5 8.
dxe5 dxe5 9. b4 Re8 10. Qc2 b6 11. Bb2 Bb7 12. Rfe1 c5 13. b5 Qc7 14. a4 a5 15.
Bc4 Re7 16. Rad1 Rae8 17. Ba2 Nh5 18. Nc4 Rf8 19. Nd6 h6 20. Nxb7 Qxb7 21. Qd2
Nf4 22. g3 Nh5 23. Qd6 Rfe8 24. Bd5 Qc8 25. Bc6 Nhf6 26. c4 Re6 27. Bxd7 Rxd6
28. Bxc8 Rxd1 29. Rxd1 Rxc8 30. Bxe5 Nxe4 31. Rd7 Re8 32. Bc7 Re6 33. Rd8+ Kh7
34. Rb8 Nc3 35. Bxb6 Nxa4 36. Bxa5 Nb2 37. Bb6 Nxc4 38. Bxc5 Ne5 39. Nxe5 Rxe5
40. Be3 Re4 41. b6 Be5 42. Re8 f6 43. Re7+ Kg8 44. b7 Rb4 45. Ba7 Kf8 46. Rxe5
Rxb7 47. Bc5+ 1-0

[Event "XXXIV Memorial Edoardo Crespi A"]
[Site "Milano ITA"]
[Date "2013.12.08"]
[Round "7"]
[White "Darvishi, Mahmood"]
[Black "Spirliadis, Achileas"]
[WhiteElo "2035"]
[BlackElo "2053"]
[Result "0-1"]
[PlyCount "142"]
[EventDate "2013.12.04"]

1. e4 e5 2. Nf3 Nc6 3. Bb5 f5 4. Nc3 fxe4 5. Nxe4 Nf6 6. Qe2 Qe7 7. c3 d5 8.
Ng3 e4 9. Nd4 Bd7 10. Nxc6 bxc6 11. Ba4 g6 12. O-O Bg7 13. d3 exd3 14. Qxd3 O-O
15. Bf4 Ng4 16. Qd2 Qh4 17. h3 Ne5 18. Ne2 Nc4 19. Qc1 Nd6 20. Bc2 Rae8 21. Bg3
Qc4 22. Nd4 Ne4 23. Bb3 Qc5 24. Bxc7 Bxd4 25. cxd4 Qxd4 26. Qc2 Nd2 27. Rad1
Re2 28. Bg3 Qb4 29. Bd6 Qxd6 30. Rxd2 Bf5 31. Qd1 Re7 32. Re1 Rfe8 33. Rde2 Qb4
34. Rxe7 Rxe7 35. Rxe7 Qxe7 36. Qd4 Kf7 37. Ba4 Qc7 38. Qc5 Bd7 39. b4 a6 40.
Bb3 Qe5 41. Qc1 Kg7 42. Ba4 Qf6 43. a3 d4 44. Qc4 Qd6 45. Bb3 d3 46. Qf7+ Kh6
47. f4 c5 48. bxc5 Qxc5+ 49. Kh2 Bf5 50. Qf6 a5 51. Bd1 d2 52. Kh1 Qxa3 53. Kh2
Qb4 54. Qg5+ Kg7 55. Qg3 Qd4 56. Qf3 a4 57. Kg3 Qb4 58. Qd5 Qc3+ 59. Kh4 Qf6+
60. Kg3 Qc3+ 61. Kh4 a3 62. Qb7+ Kf8 63. Qb8+ Ke7 64. Qg8 Qf6+ 65. Kg3 Be6 66.
Qb8 Qc3+ 67. Kh4 a2 68. Qa7+ Kf8 69. Qb8+ Kg7 70. Qa7+ Bf7 71. Bb3 Qf6+ 0-1

[Event "XXXIV Memorial Edoardo Crespi A"]
[Site "Milano ITA"]
[Date "2013.12.08"]
[Round "7"]
[White "Di Lascio, Savino"]
[Black "Corso, Gabriele"]
[WhiteElo "1893"]
[BlackElo "1769"]
[Result "1-0"]
[PlyCount "87"]
[EventDate "2013.12.04"]

1. b4 d5 2. Bb2 e6 3. Nf3 Nf6 4. b5 a6 5. a4 axb5 6. axb5 Rxa1 7. Bxa1 Be7 8.
e3 Bd7 9. Ne5 c6 10. Bd3 O-O 11. g4 c5 12. g5 Ne8 13. Qh5 f5 14. g6 Nf6 15.
gxh7+ Nxh7 16. Rg1 Bf6 17. c4 Be8 18. Qh3 Nd7 19. f4 Nb6 20. Nc3 dxc4 21. Be2
Qa8 22. Kf2 Qd8 23. Ke1 Bh4+ 24. Kd1 Bf6 25. Qg2 Nd5 26. Nxd5 exd5 27. Bf3 d4
28. Bd5+ Kh8 29. exd4 cxd4 30. Bxd4 b6 31. Bc3 Qc7 32. Bb4 Bh5+ 33. Kc2 Rd8 34.
Bc3 Rf8 35. Qh3 Be8 36. Bb4 Be7 37. Bxe7 Qxe7 38. Bxc4 Qc7 39. Rg3 Qc8 40. Rg6
Qc5 41. Rc6 Qd4 42. Rc8 Qe4+ 43. Kb2 Qd4+ 44. Kb3 1-0

[Event "XXXIV Memorial Edoardo Crespi A"]
[Site "Milano ITA"]
[Date "2013.12.08"]
[Round "7"]
[White "Dogic, Mirhad"]
[Black "Pecorario, Stefano"]
[WhiteElo "1801"]
[BlackElo "1800"]
[Result "0-1"]
[PlyCount "116"]
[EventDate "2013.12.04"]

1. d4 Nf6 2. f4 d5 3. e3 Bg4 4. Nf3 e6 5. c3 Nbd7 6. Nbd2 c5 7. Qb3 Qc7 8. Ne5
Bf5 9. Nxd7 Nxd7 10. Nf3 Nf6 11. Bb5+ Kd8 12. Be2 c4 13. Qd1 b5 14. O-O a5 15.
b3 Ne4 16. Bb2 a4 17. Qe1 a3 18. Bc1 cxb3 19. axb3 Nxc3 20. Ne5 Bb4 21. Bd2
Nxe2+ 22. Qxe2 Bxd2 23. Qxd2 Qb7 24. Qb4 f6 25. Nf3 a2 26. Rfc1 Kd7 27. Rc5
Rhb8 28. Kf2 Qa6 29. h3 Qa3 30. Qxa3 Rxa3 31. Nd2 b4 32. Ke2 Rc8 33. Kd1 Rxc5
34. dxc5 Kc6 35. Kc1 Kxc5 36. Kb2 e5 37. g4 Bd7 38. f5 e4 39. Rc1+ Kd6 40. Ka1
g6 41. fxg6 hxg6 42. Rg1 g5 43. Rd1 Ke5 44. Rg1 Be6 45. Rf1 d4 46. exd4+ Kxd4
47. Rxf6 Bxb3 48. Rb6 Kc5 49. Rg6 Bd5 50. Rxg5 Kd4 51. Rf5 Rd3 52. Nb1 axb1=Q+
53. Kxb1 Rxh3 54. g5 Rf3 55. Rf6 Rxf6 56. gxf6 e3 57. Kc2 b3+ 58. Kc1 e2 0-1

[Event "XXXIV Memorial Edoardo Crespi A"]
[Site "Milano ITA"]
[Date "2013.12.08"]
[Round "7"]
[White "Donadi, Luca"]
[Black "Ranfagni, Stefano"]
[WhiteElo "1750"]
[BlackElo "2015"]
[Result "0-1"]
[PlyCount "70"]
[EventDate "2013.12.04"]

1. e4 e5 2. Nf3 Nc6 3. Bc4 Bc5 4. c3 Nf6 5. d4 exd4 6. cxd4 Bb4+ 7. Nc3 Nxe4 8.
O-O Bxc3 9. d5 O-O 10. bxc3 Ne7 11. Re1 Nd6 12. Bb3 b6 13. c4 Ba6 14. Qd4 Nef5
15. Qc3 Qf6 16. Qxf6 gxf6 17. Bb2 Kg7 18. g4 Nh6 19. g5 Ng8 20. Rac1 Rfe8 21.
c5 Rxe1+ 22. Nxe1 bxc5 23. Rxc5 Re8 24. Nf3 Re2 25. Bxf6+ Nxf6 26. gxf6+ Kxf6
27. Rxc7 Ne4 28. Rxa7 Bd3 29. Rxd7 Nxf2 30. Kg2 Ne4+ 31. Kg1 Nf2 32. Kg2 Ng4+
33. Kg3 Ne3 34. Kf4 Nf5 35. Kg4 Re4+ 0-1

[Event "XXXIV Memorial Edoardo Crespi A"]
[Site "Milano ITA"]
[Date "2013.12.08"]
[Round "7"]
[White "Malescusi, Luciano"]
[Black "Saffioti, Cristian"]
[WhiteElo "1884"]
[BlackElo "1887"]
[Result "1/2-1/2"]
[PlyCount "37"]
[EventDate "2013.12.04"]

1. d4 Nf6 2. Bf4 g6 3. e3 Bg7 4. Nf3 d6 5. Be2 Nh5 6. Bg5 O-O 7. O-O h6 8. Bh4
Nf6 9. Bg3 Ne4 10. Bh4 g5 11. Bg3 Nc6 12. Nbd2 Nxg3 13. hxg3 e5 14. c3 Re8 15.
dxe5 dxe5 16. e4 a5 17. a4 Qe7 18. Qb3 Qc5 19. Qb5 1/2-1/2

[Event "XXXIV Memorial Edoardo Crespi A"]
[Site "Milano ITA"]
[Date "2013.12.08"]
[Round "7"]
[White "Marincolo, Piercarlo"]
[Black "Tagliaferri, Valerio"]
[WhiteElo "1905"]
[BlackElo "1874"]
[Result "1/2-1/2"]
[PlyCount "86"]
[EventDate "2013.12.04"]

1. e4 c6 2. c4 d5 3. cxd5 cxd5 4. exd5 Nf6 5. Nc3 Nxd5 6. Bc4 Nb6 7. Bb3 Nc6 8.
Nge2 Bf5 9. O-O e6 10. d4 Be7 11. Be3 O-O 12. Ng3 Bg6 13. a4 Na5 14. Ba2 Nac4
15. Qe2 Nxe3 16. fxe3 Qd7 17. a5 Nd5 18. Nce4 b6 19. Bc4 Bb4 20. axb6 axb6 21.
Rac1 Ra5 22. Nc3 Bd6 23. Nge4 Nxc3 24. Nxc3 Rh5 25. g3 Qb7 26. e4 Bb4 27. Rf4
Ra5 28. e5 Qd7 29. h4 h5 30. Qg2 Rfa8 31. g4 Ra1 32. Rcf1 Rxf1+ 33. Bxf1 Ra1
34. Qf2 Bxc3 35. bxc3 Bd3 36. Qg2 hxg4 37. Qxg4 Rxf1+ 38. Rxf1 Bxf1 39. Kxf1
Qb5+ 40. Qe2 Qb1+ 41. Qe1 Qf5+ 42. Ke2 Qc2+ 43. Ke3 b5 1/2-1/2

[Event "XXXIV Memorial Edoardo Crespi A"]
[Site "Milano ITA"]
[Date "2013.12.08"]
[Round "7"]
[White "Miracola, Giorgia"]
[Black "Blasco, Domenico"]
[WhiteElo "1866"]
[BlackElo "1886"]
[Result "1-0"]
[PlyCount "50"]
[EventDate "2013.12.04"]

1. e4 g6 2. d4 Bg7 3. Nc3 a6 4. f4 d5 5. e5 h5 6. Be2 Nh6 7. Bf3 Be6 8. Be3 Nf5
9. Bf2 Qd7 10. Qd2 Nc6 11. O-O-O O-O-O 12. Nh3 f6 13. Rhe1 Bh6 14. Na4 b6 15.
exf6 exf6 16. Qe2 Bf7 17. Qxa6+ Kb8 18. a3 g5 19. g4 Nh4 20. Bxh4 gxh4 21. Rd3
Bg6 22. Rb3 Nxd4 23. Rb4 Nxc2 24. Nxb6 cxb6 25. Rxb6+ Kc7 1-0

[Event "XXXIV Memorial Edoardo Crespi A"]
[Site "Milano ITA"]
[Date "2013.12.08"]
[Round "7"]
[White "Monticone, Sonia"]
[Black "Villalba, Fernando"]
[WhiteElo "1830"]
[BlackElo "1835"]
[Result "1-0"]
[PlyCount "127"]
[EventDate "2013.12.04"]

1. c4 c5 2. Nc3 Nc6 3. Nf3 d6 4. e3 Nf6 5. d4 cxd4 6. exd4 g6 7. d5 Nb8 8. Be2
Bg7 9. O-O O-O 10. Bf4 Nbd7 11. Qd2 Nc5 12. Bh6 Nce4 13. Nxe4 Nxe4 14. Qc1 Nf6
15. Bxg7 Kxg7 16. Qc3 Bg4 17. h3 Bxf3 18. Bxf3 Rc8 19. Qd4 Qc7 20. b3 b6 21.
Rfe1 Rfe8 22. g4 Kg8 23. g5 Nd7 24. Bg4 Rb8 25. Rad1 Ne5 26. Be2 Qc8 27. Kg2 a5
28. a4 Qc5 29. Qc3 Qc8 30. f4 Nd7 31. Bg4 Qc7 32. h4 f5 33. Bf3 Nc5 34. h5 e5
35. dxe6 Qg7 36. Qxg7+ Kxg7 37. h6+ Kf8 38. Rxd6 Ke7 39. Rdd1 Rbd8 40. Rxd8
Rxd8 41. Bd5 Rd6 42. Re3 Na6 43. Kf1 Nb4 44. Ke2 Na6 45. Kd2 Nb4 46. Re5 Nc6
47. Re3 Nb4 48. Kc3 Rd8 49. Re5 Na2+ 50. Kd4 Nb4 51. Kc3 Rd6 52. Re2 Rd8 53.
Rd2 Na6 54. Bb7 Rxd2 55. Kxd2 Nc5 56. Bd5 Nxb3+ 57. Kc3 Nc5 58. Bc6 Kd6 59. Be8
Nxe6 60. Bxg6 Ke7 61. Bxh7 Nxf4 62. Bxf5 Kf7 63. Kd4 Nh5 64. Kd5 1-0

[Event "XXXIV Memorial Edoardo Crespi A"]
[Site "Milano ITA"]
[Date "2013.12.08"]
[Round "7"]
[White "Montilli, Vincenzo"]
[Black "Mouflih, Caesar Faycal"]
[WhiteElo "2039"]
[BlackElo "2026"]
[Result "1-0"]
[PlyCount "83"]
[EventDate "2013.12.04"]

1. d4 c6 2. c4 Nf6 3. Nc3 d5 4. Nf3 g6 5. Bf4 Bg7 6. cxd5 Nxd5 7. Nxd5 Qxd5 8.
e3 Bg4 9. Be2 Qa5+ 10. Qd2 Qxd2+ 11. Nxd2 Bxe2 12. Kxe2 Nd7 13. Nc4 Nb6 14. Na5
Nd5 15. Bg3 f5 16. Rhd1 O-O-O 17. Nb3 f4 18. Bxf4 Nxf4+ 19. exf4 Rhf8 20. g3
Rf6 21. Rd2 h6 22. h4 Rd5 23. Rc1 g5 24. fxg5 hxg5 25. hxg5 Rxg5 26. Rc5 Rgg6
27. d5 b6 28. Rxc6+ Rxc6 29. dxc6 Rxc6 30. Nd4 Rc1 31. b3 Rc5 32. f4 Rh5 33.
Kf3 e5 34. Ne6 Bh8 35. Kg4 Rh1 36. Rd8+ Kb7 37. Kf5 exf4 38. gxf4 Bc3 39. Rd7+
Ka6 40. Nc7+ Ka5 41. a3 b5 42. Rd6 1-0

[Event "XXXIV Memorial Edoardo Crespi A"]
[Site "Milano ITA"]
[Date "2013.12.08"]
[Round "7"]
[White "Murli, Almerico"]
[Black "Laurino, Alberto"]
[WhiteElo "1817"]
[BlackElo "1787"]
[Result "1-0"]
[PlyCount "47"]
[EventDate "2013.12.04"]

1. e4 c5 2. Nf3 d6 3. d4 cxd4 4. Nxd4 Nc6 5. Nc3 a6 6. Be3 Nf6 7. f3 g6 8. Qd2
Bg7 9. Bc4 O-O 10. O-O-O Na5 11. Bb3 Nxb3+ 12. axb3 Bd7 13. g4 Rc8 14. Kb1 b5
15. h4 Rb8 16. h5 b4 17. Nd5 Nxd5 18. exd5 a5 19. Bh6 a4 20. hxg6 fxg6 21. Bxg7
Kxg7 22. Qh6+ Kf6 23. g5+ Ke5 24. Rhe1+ 1-0

[Event "XXXIV Memorial Edoardo Crespi A"]
[Site "Milano ITA"]
[Date "2013.12.08"]
[Round "7"]
[White "Oteri, Aldo"]
[Black "Baltzopoulos, Giorgos"]
[WhiteElo "1776"]
[BlackElo "1975"]
[Result "0-1"]
[PlyCount "66"]
[EventDate "2013.12.04"]

1. e4 c5 2. Nf3 d6 3. d4 cxd4 4. Nxd4 Nf6 5. Nc3 a6 6. Bg5 e6 7. f4 Be7 8. Qf3
Qc7 9. O-O-O Nbd7 10. Bd3 h6 11. Bxf6 Nxf6 12. g4 b5 13. Rhe1 Bb7 14. g5 hxg5
15. fxg5 Nd7 16. g6 Bg5+ 17. Kb1 Ne5 18. gxf7+ Qxf7 19. Qxf7+ Kxf7 20. Rf1+ Ke7
21. Rg1 Bf6 22. Rg2 Nxd3 23. Rxd3 b4 24. Nce2 Bxe4 25. Rdg3 Bxg2 26. Rxg2 Rac8
27. c3 bxc3 28. bxc3 Rh4 29. Kb2 Rc5 30. Nb3 Rch5 31. a4 Rxh2 32. Rxh2 Rxh2 33.
Nbd4 Bxd4 0-1

[Event "XXXIV Memorial Edoardo Crespi A"]
[Site "Milano ITA"]
[Date "2013.12.08"]
[Round "7"]
[White "Pedroni, Marco"]
[Black "Beltrami, Francesco"]
[WhiteElo "1923"]
[BlackElo "1883"]
[Result "1/2-1/2"]
[PlyCount "138"]
[EventDate "2013.12.04"]

1. e4 c5 2. Nf3 Nc6 3. d4 cxd4 4. Nxd4 Nf6 5. Nc3 e5 6. Ndb5 d6 7. Bg5 a6 8.
Na3 b5 9. Nd5 Be7 10. Bxf6 Bxf6 11. c3 Bg5 12. Be2 f5 13. exf5 Bxf5 14. O-O O-O
15. Nc2 Ne7 16. Nce3 Be4 17. a4 Nxd5 18. Nxd5 Kh8 19. axb5 axb5 20. Rxa8 Qxa8
21. Ne3 Qc6 22. Qb3 Rb8 23. Qf7 Bg6 24. Qd5 Qxd5 25. Nxd5 Bf7 26. Nb4 Bc4 27.
Bxc4 bxc4 28. Rd1 Rb6 29. Kf1 Kg8 30. Ke2 Kf7 31. Kf3 Ke6 32. Ke4 Rb5 33. g3
Bd8 34. Rd2 Bb6 35. Nd5 Kd7 36. f4 exf4 37. gxf4 Ke6 38. f5+ Kf7 39. Nxb6 Rxb6
40. Kd5 Rb5+ 41. Kxc4 Rxf5 42. b4 Ke6 43. b5 Kd7 44. Kb4 Kc7 45. Ra2 Kb7 46. c4
Rf6 47. Re2 Rf7 48. Kc3 Kb6 49. Kd4 Kc7 50. Re4 Kd7 51. Kc3 Kc7 52. Kb4 Kb7 53.
Re6 Rd7 54. Kc3 Kb6 55. Kd4 Kb7 56. Kd5 Kc7 57. h4 h6 58. Rg6 Rf7 59. b6+ Kxb6
60. Kxd6 Kb7 61. c5 h5 62. Ke6 Rc7 63. Rg5 Rc6+ 64. Kf7 g6 65. Kg7 Kc8 66. Rd5
Kc7 67. Kf7 Kc8 68. Ke8 Re6+ 69. Kf7 Re4 1/2-1/2

[Event "XXXIV Memorial Edoardo Crespi A"]
[Site "Milano ITA"]
[Date "2013.12.08"]
[Round "7"]
[White "Podetti, Davide"]
[Black "Virzi, Ettore"]
[WhiteElo "1802"]
[BlackElo "1973"]
[Result "1/2-1/2"]
[PlyCount "98"]
[EventDate "2013.12.04"]

1. e4 e5 2. Nf3 Nc6 3. Bc4 Nf6 4. d4 exd4 5. e5 d5 6. Bb5 Ne4 7. Nxd4 Bc5 8.
Be3 Bd7 9. Bxc6 bxc6 10. O-O Bb6 11. Nd2 Nxd2 12. Qxd2 O-O 13. Nb3 Qe7 14. Rae1
c5 15. Qxd5 Bb5 16. c4 Rad8 17. Qe4 f5 18. Qf4 Bc6 19. Qg5 Qxg5 20. Bxg5 Rde8
21. f4 Be4 22. Rf2 Bd3 23. Rc1 a5 24. Nd2 h6 25. Bh4 g5 26. Bg3 Rd8 27. Rc3 a4
28. Rf3 Be2 29. Be1 Bxf3 30. Nxf3 g4 31. Nh4 Ba5 32. Re3 Rd1 33. Kf2 Bxe1+ 34.
Rxe1 Rxe1 35. Kxe1 Rf7 36. Kd2 Kf8 37. b3 axb3 38. axb3 Ke7 39. g3 Ke6 40. Ng2
Rd7+ 41. Kc2 Rd8 42. Nh4 Ra8 43. Kb2 Rd8 44. Kc2 Rd4 45. Ng2 Re4 46. Kd3 h5 47.
Kd2 Rd4+ 48. Kc2 Rd8 49. Nh4 Re8 1/2-1/2

[Event "XXXIV Memorial Edoardo Crespi A"]
[Site "Milano ITA"]
[Date "2013.12.08"]
[Round "7"]
[White "Rossi, Giampiero"]
[Black "Delledonne, Francesco"]
[WhiteElo "1900"]
[BlackElo "1935"]
[Result "1/2-1/2"]
[PlyCount "58"]
[EventDate "2013.12.04"]

1. d4 Nf6 2. c4 g6 3. g3 Bg7 4. Bg2 O-O 5. Nc3 d6 6. Nf3 Nbd7 7. O-O e5 8. Qc2
Qe7 9. Rd1 c6 10. b3 Re8 11. Ba3 exd4 12. Nxd4 Nc5 13. Rac1 a5 14. e3 Bg4 15.
Rd2 Red8 16. h3 Be6 17. Rcd1 Ne8 18. Bxc5 dxc5 19. Nxe6 fxe6 20. Ne4 Bf8 21.
Qc3 Rxd2 22. Qxd2 a4 23. Qd7 axb3 24. Qxe7 Bxe7 25. axb3 Nf6 26. Ng5 e5 27. Nf3
Ra3 28. Rb1 Bd6 29. Nd2 Kf7 1/2-1/2

[Event "XXXIV Memorial Edoardo Crespi A"]
[Site "Milano ITA"]
[Date "2013.12.08"]
[Round "7"]
[White "Saffioti, Massimo"]
[Black "Piantoni, Pierino"]
[WhiteElo "1923"]
[BlackElo "1898"]
[Result "0-1"]
[PlyCount "40"]
[EventDate "2013.12.04"]

1. c4 e5 2. Nc3 Nc6 3. g3 d6 4. Bg2 Be6 5. d3 Qd7 6. e4 Be7 7. Nge2 Bh3 8. O-O
h5 9. f4 Bxg2 10. Kxg2 h4 11. f5 Nf6 12. Nd5 O-O-O 13. Nec3 hxg3 14. hxg3 Nd4
15. Bg5 c6 16. Qa4 Nxd5 17. cxd5 Bxg5 18. Qxa7 Qc7 19. Na4 Kd7 20. dxc6+ Nxc6
0-1

[Event "XXXIV Memorial Edoardo Crespi A"]
[Site "Milano ITA"]
[Date "2013.12.08"]
[Round "7"]
[White "Sannino, Raffaele"]
[Black "Paganini, Andrea"]
[WhiteElo "2018"]
[BlackElo "1878"]
[Result "1-0"]
[PlyCount "135"]
[EventDate "2013.12.04"]

1. Nf3 d5 2. c4 c6 3. e3 Nf6 4. b3 a6 5. Bb2 Nbd7 6. Be2 e6 7. O-O Bd6 8. d4
O-O 9. Ne5 Ne8 10. f4 f6 11. Nf3 f5 12. Nc3 Nef6 13. Ng5 Qe8 14. Kh1 h6 15. Nf3
Bb4 16. Nb1 Ne4 17. Ne5 Ndf6 18. a3 Bd6 19. Qe1 g5 20. Nc3 Kg7 21. Rg1 g4 22.
g3 h5 23. Kg2 Rh8 24. Rh1 h4 25. Nxe4 Nxe4 26. Bd3 Qh5 27. Bxe4 Bxe5 28. dxe5
fxe4 29. Qf2 h3+ 30. Kf1 b6 31. cxd5 cxd5 32. Rc1 Rf8 33. Ke2 a5 34. Rc6 Ba6+
35. Kd2 Qf7 36. Rhc1 Rfc8 37. Kd1 Qd7 38. Rxc8 Rxc8 39. a4 Rxc1+ 40. Kxc1 Qc7+
41. Qc2 Qxc2+ 42. Kxc2 Bd3+ 43. Kd2 b5 44. Bc3 bxa4 45. bxa4 Kf7 46. Bxa5 Ke7
47. Kc3 Kd7 48. Kb4 Kc6 49. Bd8 Ba6 50. Kc3 Kc5 51. Be7+ Kb6 52. Bb4 Kc6 53.
Kd4 Bc4 54. Be1 Bb3 55. a5 Bc4 56. Bc3 Ba6 57. Bb2 Bc8 58. Ba3 Bd7 59. a6 Kb6
60. f5 exf5 61. Kxd5 Kc7 62. e6 Bc6+ 63. Ke5 f4 64. exf4 e3 65. Bc5 e2 66. Bf2
Kb8 67. a7+ Kb7 68. f5 1-0